000 00594nam a2200229Ia 4500
005 20260115174036.0
008 008 260114s9999 xx 000 0 eng d
020 _a9780511563676
037 _aEBOOK
040 _aCRL
_beng
_cCRL
041 _aeng
_2eng
084 _qCRL
100 _aCranefield
_9895454
245 0 _aScience and Empire
260 _bCambridge University Press
260 _bCambridge University Press
260 _c1991
650 _aHistory
_9895455
856 _uhttps://doi.org/10.1017/CBO9780511563676
942 _cEBOOK
999 _c1489430
_d1489430